000 00286nam a2200133Ia 4500
100 _aEd. Landsberg/G.S
942 _cBK
654 _aPhysics
245 _aText Book Of Elementary Physics II
260 _bMir Publishers
_c1972
082 _a530
300 _a424
546 _aENGLISH
999 _c27095
_d27095